Sports Quiz

Random Sports or MLB Quiz

MLB teams by home run calls (with clips) Quiz Stats

 Plays Quiz not verified by Sporcle

Challenge
Share
Tweet
Score 0/16 Timer 05:00
0 Plays Today
Hint Answer % Correct
0:00-0:17Chicago White Sox
91.4%
1:00-1:12Los Angeles Dodgers
74.3%
0:31-0:39New York Yankees
71.4%
1:56-2:07Baltimore Orioles
42.9%
0:51-0:59San Francisco Giants
40%
2:16-2:23Pittsburgh Pirates
28.6%
0:00-0:30Colorado Rockies
25.7%
2:24-2:32San Diego Padres
22.9%
Hint Answer % Correct
1:25-1:29Toronto Blue Jays
22.9%
2:33-2:50Miami Marlins
22.9%
1:13-1:24Los Angeles Angels
20%
1:30-1:38Oakland A's
20%
1:39-1:48Detroit Tigers
17.1%
2:08-2:15Tampa Bay Rays
14.3%
1:49-1:55Cleveland Indians
11.4%
0:40-0:50Arizona Diamondbacks
8.6%

You're not logged in!

Compare scores with friends on all Sporcle quizzes.
Join for Free
OR
Log In

You Might Also Like...

Show Comments

Extras

Top Quizzes Today


Score Distribution

Your Account Isn't Verified!

In order to create a playlist on Sporcle, you need to verify the email address you used during registration. Go to your Sporcle Settings to finish the process.

Report this User

Report this user for behavior that violates our Community Guidelines.

Details: